European crime-markets at cross-roads: extended and extending criminal Europe

Gespeichert in:  
Bibliographische Detailangaben
Körperschaft: Cross Border Crime Colloquium. 9 Prag (2007) (BeteiligteR)
Beteiligte: Duyne, Petrus C. van 1946- (BeteiligteR)
Medienart: Druck Buch
Sprache:Englisch
Veröffentlicht: Nijmegen Wolff Legal Publ. [ca. 2008]
In:Jahr: 2008
Bestand in Tübingen:In Tübingen vorhanden.
UB: KB 20 A 3457
Verfügbarkeit prüfen: HBZ Gateway
Subito Bestelldienst: Jetzt bestellen.
Schlagwörter:

MARC

LEADER 00000cam a2200000 c 4500
001 1357610939
003 DE-627
005 20220613114932.0
007 tu
008 081104s2008 xx ||||| 00| ||eng c
020 |z 97890958503923 
035 |a (DE-627)1357610939 
035 |a (DE-576)287610934 
035 |a (DE-599)BSZ287610934 
035 |a (OCoLC)316286576 
040 |a DE-627  |b ger  |c DE-627  |e rakwb 
041 |a eng 
245 0 0 |a European crime-markets at cross-roads  |b extended and extending criminal Europe  |c [9th Cross-Border Crime Colloquium held 21 - 23 October 2007 in Prague]. Petrus C. van Duyne ... 
264 1 |a Nijmegen  |b Wolff Legal Publ.  |c [ca. 2008] 
300 |a VIII, 386 S. 
336 |a Text  |b txt  |2 rdacontent 
337 |a ohne Hilfsmittel zu benutzen  |b n  |2 rdamedia 
338 |a Band  |b nc  |2 rdacarrier 
490 1 |a Cross-border Crime Colloquium  |v 8 
583 1 |a Archivierung prüfen  |c 20200919  |f DE-640  |z 2  |2 pdager 
655 7 |a Aufsatzsammlung  |0 (DE-588)4143413-4  |0 (DE-627)105605727  |0 (DE-576)209726091  |2 gnd-content 
655 7 |a Konferenzschrift  |0 (DE-588)1071861417  |0 (DE-627)826484824  |0 (DE-576)433375485  |2 gnd-content 
689 0 0 |d g  |0 (DE-588)4015701-5  |0 (DE-627)104289007  |0 (DE-576)208913092  |a Europa  |2 gnd 
689 0 1 |d s  |0 (DE-588)4066464-8  |0 (DE-627)106113437  |0 (DE-576)209164719  |a Wirtschaftskriminalität  |2 gnd 
689 0 2 |d s  |0 (DE-588)4043830-2  |0 (DE-627)104189177  |0 (DE-576)209057513  |a Organisiertes Verbrechen  |2 gnd 
689 0 |5 (DE-627) 
700 1 |a Duyne, Petrus C. van  |d 1946-  |0 (DE-588)143871668  |0 (DE-627)655121560  |0 (DE-576)164975241  |4 oth 
711 2 |a Cross Border Crime Colloquium  |n 9  |d 2007  |c Prag  |0 (DE-588)10370003-1  |0 (DE-627)712630988  |0 (DE-576)288513266  |4 oth 
811 2 |a Cross-Border Crime Colloquium  |t Cross-border Crime Colloquium  |v 8  |9 8  |w (DE-627)147152714X  |w (DE-576)40152714X  |7 am 
951 |a BO 
ELC |b 1 
LOK |0 000 xxxxxcx a22 zn 4500 
LOK |0 001 2584283212 
LOK |0 003 DE-627 
LOK |0 004 1357610939 
LOK |0 005 20090112092913 
LOK |0 008 081104||||||||||||||||ger||||||| 
LOK |0 040   |a DE-21  |c DE-627  |d DE-21 
LOK |0 852   |a DE-21 
LOK |0 852 1  |c KB 20 A 3457  |9 00 
LOK |0 935   |a krim 
LOK |0 936ln  |a k11.3.2 
LOK |0 938   |a 0901  |f 34 
LOK |0 939   |a 04-11-08  |b l01 
ORI |a SA-MARC-krimdoka001.raw 
SIG |a UB: KB 20 A 3457